000 00438pab a2200169 454500
008 180718b2010 xxu||||| |||| 00| 0 eng d
100 _aAli, Mansoor
245 _aEmerging mobile technology and banking applications
260 _c2010
300 _ap.105-110.
362 _aJan-Jun
650 _aBanks
650 _aMobile communication
773 _aSouth Asian Journal of Socio-Political Studies
908 _aN
909 _a89729
999 _c89729
_d89729